<?xml version="1.0" encoding="UTF-8"?>
<marc:record xmlns:marc="http://www.loc.gov/MARC21/slim">
   <marc:leader>00000nam a2200000 a 4500</marc:leader>
   <marc:datafield ind1="1" ind2=" " tag="100">
      <marc:subfield code="a">Dietl, Rudolf G.</marc:subfield>
      <marc:subfield code="4">aut</marc:subfield>
      <marc:subfield code="e">Verfasser/-in</marc:subfield>
   </marc:datafield>
   <marc:datafield ind1=" " ind2=" " tag="653">
      <marc:subfield code="a">Autobiographie</marc:subfield>
   </marc:datafield>
   <marc:datafield ind1=" " ind2=" " tag="653">
      <marc:subfield code="a">Lebensgeschichte</marc:subfield>
   </marc:datafield>
   <marc:datafield ind1=" " ind2=" " tag="653">
      <marc:subfield code="a">Lebensbericht</marc:subfield>
   </marc:datafield>
   <marc:datafield ind1=" " ind2=" " tag="653">
      <marc:subfield code="a">Wels</marc:subfield>
   </marc:datafield>
   <marc:datafield ind1="0" ind2="0" tag="245">
      <marc:subfield code="a">Ein bewegtes Leben</marc:subfield>
   </marc:datafield>
   <marc:datafield ind1="0" ind2="0" tag="245">
      <marc:subfield code="b">Rudi Dietl schreibt aus seinem bewegten und heiteren Leben</marc:subfield>
   </marc:datafield>
   <marc:datafield ind1="0" ind2="0" tag="245">
      <marc:subfield code="c">Dietl, Rudolf G.</marc:subfield>
   </marc:datafield>
   <marc:datafield ind1=" " ind2="1" tag="264">
      <marc:subfield code="a">Wels</marc:subfield>
      <marc:subfield code="b">Eigenverlag</marc:subfield>
      <marc:subfield code="c">2020</marc:subfield>
   </marc:datafield>
   <marc:datafield ind1="1" ind2=" " tag="520">
      <marc:subfield code="a">Dieses Buch beinhaltet eine Aufzeichnung meines Lebensweges. In der sowohl meine frühe Jugendzeit, die darauf folgende schulische und auch später die berufliche Entwicklung beinhaltet sind. Ein eigenes Kapitel widme ich auch meinen Eltern. Die mühsamst, in äusserst schwierigen Zeiten ein Geschäft gründeten. Letztlich am aber am ende ihres Weges alles verloren. Der Verlust, der leider auch mich betraf, gab meinem Leben eine gänzlich andere Wende. Gerade aber durch diese Umstände war es mir möglich, einen neuen Weg zu suchen. Den ich glücklicherweise auch fand. Und meinem Naturell gut entsprach. In ihm ist sowohl die Neigung zum Kaufmännischen, zum Familiären wie auch zum Musischen beinhaltet. Ich wünsche Ihnen beim Lesen viel Freude! Rudolf G. Dietl. Im September 2020</marc:subfield>
   </marc:datafield>
   <marc:datafield ind1=" " ind2=" " tag="338">
      <marc:subfield code="a">Band</marc:subfield>
   </marc:datafield>
   <marc:datafield ind1=" " ind2=" " tag="300">
      <marc:subfield code="a">126 Seiten : Illustrationen</marc:subfield>
   </marc:datafield>
</marc:record>
